[Event "USA-ch Gr-A"]
[Site "Salt Lake City"]
[Date "1999.08.23"]
[Round "1"]
[White "Gulko, Boris F"]
[Black "Shabalov, Alexander"]
[Result "1-0"]
[WhiteElo "2618"]
[BlackElo "2566"]
[Annotator "Ribli,Z"]
[PlyCount "133"]
[EventDate "1999.08.05"]
[EventType "tourn"]
[EventRounds "7"]
[EventCountry "USA"]
[EventCategory "13"]
[SourceTitle "CBM 073"]
[Source "ChessBase"]
[SourceDate "1999.12.01"]
[SourceVersion "1"]
[SourceVersionDate "1999.12.01"]
[SourceQuality "1"]

{[%mdl 5120]} 1. c4 e5 2. Nc3 Bb4 {Diese Nebenvariante ist in letzter Zeit
recht beliebt. Ribli.} 3. Nd5 Bc5 {Praktisch alle Läuferzügen sind hier
möglich. Die Alternativen sind: 3...Ba5, 3...Be7, 3...Bd6 und auch 3... a5.} 4.
Nf3 e4 5. d4 {Dieser Zug ist nicht schlecht, aber die Alternative 5.Ng5 ist
auch gut.} (5. Ng5 $5 e3 $1 6. d4 exf2+ 7. Kxf2 Be7 8. Nxe7 Qxe7 9. e4 d6 (9...
Nc6 $5) 10. Bd3 Nc6 {0-1 Lautier,J-Kramnik,V/Cannes (m/1) 1993/[Kramnik,V] (45)
}) 5... Bf8 {Schwarz lässt sich den Läufer nicht tauschen. Weiss muss jetzt
ein paar Tempi mit seinen Springern abgeben, während Schwarz ein starkes
Bauernzentrum errichtet.} (5... Be7 6. Nd2 c6 7. Nxe7 Qxe7 8. e3 f5 9. Be2 Nf6
10. O-O d6 11. Nb1 O-O 12. Nc3 Be6 13. f4 exf3 14. Rxf3 d5 15. b3 Re8 16. Bd2
Nbd7 {1/2-1/2 Topalov,V-Rivas Pastor,M/Las Palmas 1993/CBM 36 (38)}) 6. Nd2 c6
7. Nc3 d5 {Die Stellung erinnert an die Französische Verteidigung.} 8. cxd5 (8.
e3 Nf6 9. Qb3 (9. Qa4 a6 10. c5 Be6 11. Be2 Nbd7 12. b4 Bg4 13. Qd1 Bxe2 14.
Qxe2 Be7 15. Rb1 Nf8 16. a4 Ng6 17. b5 axb5 18. axb5 Qc8 19. O-O Bd8 20. b6 O-O
21. Bb2 Ne8 {0-1 Yuferov,S-Maljutin,E/Moscow 1991/TD (51)}) 9... Be7 10. Be2
O-O 11. O-O Na6 12. cxd5 cxd5 13. f3 exf3 14. Nxf3 Nc7 15. Bd2 Bd6 16. Bd3 Rb8
{1/2-1/2 Horvath,G-Popovic,P/AUT-chT 1994/TD (16)}) 8... cxd5 9. Nb3 Nc6 10.
Bf4 {In der Französischen Verteidigung ist der Damenläufer eingeschlossen.
Hier steht er auf f4 ausgezeichnet.} Nf6 (10... Be6 11. e3 a6 12. Nc5 Bxc5 13.
dxc5 Nge7 14. a3 O-O 15. Bd6 Re8 16. Be2 b6 17. Rc1 bxc5 18. Bxc5 Nf5 19. O-O
Qg5 20. f4 exf3 21. Bxf3 Rad8 {0-1 Maljutin,E-Nemtsev,I/Moscow 1999/CBM 70_07 
(38)}) 11. e3 $14 {[%csl Gf4]} Bg4 12. Be2 (12. f3 $6 exf3 13. gxf3 Be6 $13)
12... Bxe2 13. Qxe2 {[%cal Ge2b5,Gb5b7]} a6 {Gegen 14.Qb5 gerichtet.} 14. O-O
Be7 15. f3 O-O $6 (15... exf3 16. Qxf3 $14 {[%csl Rd5] Der d5-Bauer ist
schwach und Weiss droht entweder 17.Be5 oder 17.Bg5.}) 16. Bg5 {Weiss möchte
den Springer tauschen, wonach die Bauern auf e4 und d5 schwach werden.} Re8 (
16... exf3 17. Qxf3 $16 {[%csl Rd5]}) 17. Bxf6 Bxf6 18. fxe4 dxe4 19. Qg4 {
[%csl Re4] Der e4-Bauer ist nicht zu halten.} Bg5 {Schwarz greift den
e3-Bauern an, aber Weiss kann sich leicht verteidigen.} 20. Rae1 g6 {[%cal
Gf7f5]} 21. Nxe4 $16 {Weiss hat den Schlüsselbauern gewonnen und es ist keine
schwarze Kompensation zu erkennen.} f5 (21... Bh4 22. g3 $16 f5 $2 23. Rxf5
Rxe4 24. Qxe4 $18) 22. Qxg5 Rxe4 (22... fxe4 23. Qxd8 Raxd8 24. Nc5 $16) 23.
Rxf5 {[%cal Gg5g8]} Qxg5 24. Rxg5 Rae8 25. d5 (25. Kf2 Nb4 {[%cal Rb4d3,Rd3e1,
Rd3f2]} 26. Nc5 $16) 25... Nb4 26. d6 (26. Nc5 $5 Rxe3 27. Rxe3 Rxe3 28. Kf2
Re8 29. a3 Nc2 30. d6 $18) 26... b6 (26... Rxe3 27. Rxe3 Rxe3 28. Rd5 $5 $16 {
[%csl Gd6]} Nxd5 $2 29. d7 $18 {[%csl Gd7][%cal Rd7d8]}) 27. Nd2 R4e6 (27...
Rxe3 28. Rxe3 Rxe3 29. Rg4 (29. Rd5 $5) 29... Nxa2 30. Ra4 Nc1 31. Rxa6 $18)
28. Nc4 b5 (28... h6 29. Rg4 b5 30. Ne5 Rxe5 (30... Rxd6 31. Nxg6 Nxa2 32. Nh4+
Kh7 33. Ra1 $18 {[%csl Ra2]}) 31. Rxb4 Rd5 32. a4 $16) 29. d7 Rd8 30. Re5 Kf7 (
30... Rxe5 31. Nxe5 Nxa2 32. Rf1 Nb4 33. Rf7 $18) 31. Rf1+ Ke7 32. Rxe6+ Kxe6
33. Nb6 {[%cal Gb6d7] Weiss hat zwei Bauern mehr und sein d-Bauer ist
besonders stark.} Nxa2 34. Rf4 {[%csl Ra2][%cal Gf4a4] Die Beweglichkeit des
schwarzen Springers ist eingeschränkt.} Kd6 35. Rf6+ Kc5 {[%csl Rb6]} (35...
Kc7 36. e4 Nb4 37. e5 $18) 36. e4 Nb4 37. e5 {Der Vormarsch des e-Bauern ist
sehr unangenehm für Schwarz.} Nc6 (37... Nd5 38. Nxd5 Kxd5 39. e6 Kd6 40. g4
$18) 38. e6 Ne7 (38... Kxb6 39. e7 $18 {[%cal Gf6b6]}) 39. Rf7 Kd6 (39... Kxb6
40. Rxe7 $18) 40. Rxh7 Kxe6 {[%csl Gd7] Der starke weisse d-Bauer bindet alle
schwarzen Kräfte.} 41. h4 a5 (41... Nf5 42. Kf2 $16) 42. Kf2 a4 43. Ke2 {
[%cal Ge2d2,Gd2c3,Gc3b4]} Kd6 44. Rg7 Nc6 $5 {Schwarz will den d-Bauern
erobern, verteidigt daher seinen g-Bauern nicht weiter.} (44... Ke6 45. Kd2 $16
) 45. Rxg6+ Kc5 46. Nc8 Rxd7 47. h5 Ne5 (47... Rd8 48. Rg5+ Kb4 49. Nb6 $16)
48. Rg5 {[%csl Re5][%cal Rg5c5]} Kd4 49. h6 {[%csl Gh6]} Rc7 (49... Rh7 50. Nd6
{[%csl Rd4][%cal Rd6b5]} Kd5 (50... Rxh6 51. Nf5+ $18 {[%cal Rf5d4,Rf5h6]}) 51.
Nf5 $18) 50. Nd6 {[%csl Rb5][%cal Rd6b5,Rb5d4,Rb5c7]} Rc2+ 51. Kd1 Rxb2 52. h7
{[%csl Gh7]} Rb1+ 53. Kc2 Rh1 54. Nxb5+ {Wegen des reduzierten Materials muss
Weiss vorsichtig sein, dass der Nachziehende nicht doch noch ins Remis
entwischt.} Kd5 55. Nc7+ Ke4 56. Ne8 Kf4 (56... Rxh7 57. Nf6+ $18) 57. Rg7 {
Die weise Drohung ist 58.Nf6 nebst 59.Rg8.} Kf5 58. Kc3 Ke6 59. g3 {Mit diesem
Zug verhindert Weiss ...Rh4+ in einigen Varianten.} (59. Kb4 Rh4+) 59... Nf7
60. Rg6+ (60. g4 $16) 60... Ke5 (60... Ke7 61. Nf6 $16) 61. Rg7 {Weiss hat
keine Eile.} Ke6 62. g4 Ke7 63. g5 $1 {[%cal Gg7e7] Dieses Figurenopfer
entscheidet die Partie.} Kxe8 64. g6 Nd6 (64... Ne5 65. Rg8+ Kd7 66. g7 Rxh7
67. Rd8+ Kxd8 68. g8=Q+ $18 {[%cal Rg8d8,Rg8h7]}) 65. Ra7 $18 {Die zwei
verbundene Bauern mit der Unterstützung des Turms sind tödlich für Schwarz.}
Rh3+ 66. Kc2 (66. Kb4 $18) (66. Kd4 $6 {Dieser Zug ist gar nicht logisch, aber
die Stellung ist so gut, dass der Turm auf a7 nicht mehr bedeutend ist.} Nb5+ {
[%cal Rb5d4,Rb5a7]} 67. Ke5 Nxa7 68. g7 $18) 66... Nf5 67. g7 {Schwarz gab in
verlorener Stellung auf.} (67. g7 Nxg7 68. Rxg7 $18 {[%csl Gh7][%cal Rg7g8,
Rg8e8]}) 1-0

[Event "Madrid"]
[Site "Madrid"]
[Date "1992.??.??"]
[Round "5"]
[White "Salov, Valery"]
[Black "Romero Holmes, Alfonso"]
[Result "0-1"]
[WhiteElo "2655"]
[BlackElo "2490"]
[Annotator "Ribli,Z"]
[PlyCount "76"]
[EventDate "1992.05.??"]
[EventType "tourn"]
[EventRounds "9"]
[EventCountry "ESP"]
[EventCategory "13"]
[SourceTitle "CBM 030"]
[Source "ChessBase"]
[SourceDate "1992.10.01"]
[SourceVersion "1"]
[SourceVersionDate "1992.10.01"]
[SourceQuality "1"]

1. d4 d6 2. c4 e5 3. Nf3 e4 4. Ng5 f5 5. Nc3 Be7 (5... c6 6. Qb3 Be7 7. Nh3 Na6
8. e3 Nf6 9. Be2 Nc7 $13 {Timman,J-Gulko,B Reykjavik WCup 1991 CBM/26}) 6. Nh3
Nf6 7. Nf4 (7. Bg5 $5) 7... c6 8. h4 Na6 9. e3 O-O 10. Be2 (10. d5 Ng4 11. g3
Bf6 12. Bd2 g6 13. Be2 Ne5 14. a3 Nc7 15. Qb3 c5 $13 {Terrie-Judasin
Worchester 1990 50/18}) 10... Nc7 11. d5 cxd5 (11... Nd7 12. b3 Ne5 13. Bb2 c5
14. h5 Bf6 15. Qc2 Qe7 16. a3 Bd7 $13 {Illescas,C-Vladimirov,E Lograno 1991 53/
23}) 12. cxd5 Nd7 13. g3 (13. g4 Ne5 $1) 13... Bf6 14. Kf1 (14. Bd2 Be5 15. Rc1
Nf6 16. Qb3 Kh8 17. a4 Na6 18. Qa3 Bd7 19. b4 Rc8 $13 {Ruban-Anand Palma de
Mallorca 48/(17)}) 14... Be5 15. Bd2 Nf6 16. Qb3 Rb8 17. a4 Kh8 18. Kg2 Bd7 19.
Rhc1 (19. Rac1 $5) 19... Na6 20. Qa3 Nc5 21. b4 Na6 22. Rab1 Nc7 23. Bc4 Rc8
24. b5 Be8 $1 25. Nce2 Bf7 26. Qa2 h6 27. Bc3 Qe7 28. Bb3 (28. Bxe5 Qxe5 29.
Nd4 g5 30. hxg5 hxg5 31. Nfe6 Bxe6 32. Nxe6 Nxe6 33. dxe6 d5 $17) 28... g5 29.
hxg5 hxg5 30. Ne6 Nxe6 31. Bxe5 dxe5 32. dxe6 Bh5 33. Ng1 Rxc1 34. Rxc1 f4 $1
35. Qd2 Ng4 36. Qd7 fxe3 $1 37. Nh3 (37. Qxe7 Rxf2+ 38. Kh3 Rh2# $19) 37... Qf6
38. Bd1 exf2 0-1

[Event "Sydney"]
[Site "Sydney"]
[Date "1990.??.??"]
[Round "9"]
[White "Azmaiparashvili, Zurab"]
[Black "Johansen, Darryl Keith"]
[Result "1/2-1/2"]
[WhiteElo "2610"]
[BlackElo "2420"]
[Annotator "Ribli,Z"]
[PlyCount "57"]
[EventDate "1990.??.??"]
[EventType "tourn"]
[EventRounds "9"]
[EventCountry "AUS"]
[EventCategory "6"]
[SourceTitle "CBM 020"]
[Source "ChessBase"]
[SourceDate "1991.02.01"]
[SourceVersion "1"]
[SourceVersionDate "1991.02.01"]
[SourceQuality "1"]

1. c4 e5 2. Nc3 Bb4 3. Qb3 Nc6 4. Nd5 Bc5 (4... a5 5. g3 d6 6. e3 f5 7. Bg2 e4
{Hodgson,J-Wolff,P London WFW 1989 CBM/13 48/15}) 5. e3 Nge7 (5... Nf6 6. Ne2
O-O 7. Nec3 d6 8. Be2 {Miles,A-De la Villa Garcia,J New York op 1989 CBM/12 47/
(24)}) 6. Ne2 O-O 7. g3 (7. Nec3) 7... Nxd5 8. cxd5 Ne7 9. Nc3 d6 10. Na4 Bb6
11. Nxb6 axb6 12. Bg2 c6 13. dxc6 bxc6 14. O-O d5 15. d4 Ba6 16. Re1 e4 17. Bd2
c5 18. dxc5 bxc5 19. Qa3 Qd6 20. b4 Bd3 21. bxc5 Qe6 22. Qb3 Rfb8 23. Bb4 Nc6
24. a3 Ne5 $1 25. Qd1 Qf5 26. Bc3 Nf3+ 27. Bxf3 exf3 28. Kh1 h5 29. Rg1 $15
1/2-1/2

[Event "WchT 3rd"]
[Site "Luzern"]
[Date "1993.??.??"]
[Round "4.1"]
[White "Xu, Jun"]
[Black "Shirov, Alexei"]
[Result "1-0"]
[WhiteElo "2535"]
[BlackElo "2685"]
[Annotator "Ribli,Z"]
[PlyCount "81"]
[EventDate "1993.10.24"]
[EventType "team-tourn"]
[EventRounds "9"]
[EventCountry "SUI"]
[SourceTitle "CBM 038"]
[Source "ChessBase"]
[SourceDate "1994.02.01"]
[SourceVersion "1"]
[SourceVersionDate "1994.02.01"]
[SourceQuality "1"]
[WhiteTeam "China"]
[BlackTeam "Latvia"]
[WhiteTeamCountry "CHN"]
[BlackTeamCountry "LAT"]

1. c4 e5 2. d3 f5 3. g3 Nf6 4. Bg2 g6 5. Nf3 d6 6. O-O Bg7 7. Nc3 O-O 8. Rb1 h6
9. b4 {-> A21} g5 (9... a6 $5 10. a4 Nc6 11. b5 axb5 12. axb5 Ne7 $13) 10. b5
$1 (10. Ne1 $6 {Matulovic,M-Uhlmann,W/Budapest/1967/INF4,44/}) 10... c5 11.
bxc6 bxc6 12. Ba3 Re8 13. Nd2 Be6 14. Qa4 d5 15. cxd5 cxd5 16. Nc4 dxc4 (16...
e4 17. Nb6 $16) 17. Bxa8 cxd3 18. exd3 Qxd3 19. Nb5 Bxa2 20. Nd6 Bxb1 21. Nxe8
Nbd7 22. Nxg7 Kxg7 23. Qxa7 Ba2 24. Bb2 Bc4 25. Rc1 Kg6 26. Qa3 Qxa3 27. Bxa3
Bd5 28. Bxd5 Nxd5 29. Rc6+ N5f6 30. Kf1 g4 31. Bc1 h5 32. Ke2 Kf7 33. Bb2 Ne4
34. Ke3 Nef6 35. Rd6 Ke7 36. Ba3 Kf7 37. Kd3 Nf8 $2 (37... Kg6 38. Kc4 Kf7 39.
Kb5 Kg6 40. Kc6 $18) 38. Rxf6+ Kxf6 39. Bxf8 Ke6 40. Bh6 Kd5 41. Be3 1-0

[Event "RUS-ch"]
[Site "Elista"]
[Date "1994.??.??"]
[Round "3"]
[White "Yasinsky, Vladimir"]
[Black "Vaulin, Alexander"]
[Result "0-1"]
[WhiteElo "2360"]
[BlackElo "2550"]
[Annotator "Ribli,Z"]
[PlyCount "104"]
[EventDate "1994.09.??"]
[EventType "swiss"]
[EventRounds "11"]
[EventCountry "RUS"]
[SourceTitle "CBM 044"]
[Source "ChessBase"]
[SourceDate "1995.02.01"]
[SourceVersion "1"]
[SourceVersionDate "1995.02.01"]
[SourceQuality "1"]

1. c4 e5 2. Nc3 d6 3. g3 f5 4. Bg2 Nf6 5. d4 Be7 6. Nf3 e4 7. Ng5 c6 8. Nh3 O-O
9. O-O Na6 10. f3 (10. d5 c5 (10... Kh8 $6 11. Kh1 Bd7 12. f3 cxd5 13. cxd5 Qb6
14. Nf4 Rae8 15. b3 $14 {Pinter,J-Speelman,J/Debrecen/1992/INF56,28/}) (10...
Nc7 $5) 11. f3 exf3 12. exf3 Nc7 13. Re1 Nd7 $1 (13... Re8 14. Qc2 $14 {
Lautier,J-Magem Badals,J/Pamplona/1992/CBM33/INF56,29/}) 14. Qc2 $6 Ne5 15. b3
Bf6 16. Bb2 Re8 $13 {Mirkovic,S-Strikovic,A/Yugoslavia/1994/}) 10... Nc7 (10...
d5 $6 11. cxd5 cxd5 12. Qb3 Qb6 13. Qxb6 axb6 14. Bg5 Be6 15. Nf4 Bf7 16. a3
Rfd8 17. Bh3 g6 18. g4 $14 {Illescas Cordoba,M-Lautier,J/Linares/1994/CBM40/
INF60,23/}) 11. fxe4 (11. d5 b5 (11... cxd5 12. cxd5 b5 13. a3 exf3 14. exf3
Bb7 15. Nf4 a5 $13 {Wiedenkeller,M-Mokry,K/EUCup f/1993/}) 12. cxb5 Nxb5 (12...
cxb5 $5) 13. Nxb5 cxb5 14. Be3 Qa5 15. Nf4 Bd8 $13 {Hansen,Cu-Vaganian,R/Ter
Apel/1993/CBM35/}) 11... Nxe4 (11... fxe4 12. d5 $1 b5 13. dxc6 bxc4 14. b3 $1
Qe8 15. Nf2 $14 {Portisch,L-Gulko,B/Biel izt/1993/CBM37/INF58,27/}) 12. Nxe4
fxe4 13. Rxf8+ Qxf8 14. Nf2 (14. d5 cxd5 15. cxd5 Qf7 16. Nf2 Nxd5 17. Nxe4 Be6
18. Ng5 Bxg5 19. Bxg5 h6 20. Bd2 Rf8 $13) 14... d5 15. cxd5 cxd5 16. Qb3 Kh8
17. Bf4 Bd6 18. e3 (18. Bxd6 Qxd6 19. Rc1 Ne6 20. e3 b6 $10) 18... Bxf4 19.
gxf4 Qd8 20. Rc1 Ne8 21. Nd1 $6 (21. Nxe4 $2 dxe4 22. Qf7 Nd6 $19) (21. Qb4 $5
Nf6 22. Qc5 $14) 21... Nf6 22. Nc3 b6 23. Qa3 Be6 24. Nb5 Qd7 25. Qd6 (25. Nc7
$2 Rc8 26. Qxa7 Ne8 $19) 25... Qxb5 26. Qxe6 Rg8 $1 27. Qc6 (27. b3 Qe2 $19)
27... Qxb2 28. Bh3 Qe2 $1 (28... Qxa2 $2 29. Be6 $36) 29. Rc3 Qd1+ $1 30. Bf1 (
30. Kf2 Qf3+ $19) 30... Qe1 $1 31. Ra3 (31. h3 Nh5 $19) 31... Ng4 32. Qc2 Nxe3
33. Qe2 Qxf1+ 34. Qxf1 Nxf1 35. Kxf1 Rf8 36. Rxa7 Rxf4+ 37. Ke2 h6 38. Rd7 Rf5
39. Rd6 Rh5 40. a4 Rxh2+ 41. Ke3 Rh3+ 42. Ke2 Rd3 43. Rxd5 Kh7 44. Rd6 h5 45.
d5 h4 46. Rxb6 Rxd5 47. Ke3 Ra5 48. Kxe4 Rxa4+ 49. Kf5 h3 50. Kg5 h2 51. Rb1
Ra6 $1 52. Rh1 Rh6 0-1

[Event "Horgen SKA"]
[Site "Horgen"]
[Date "1994.??.??"]
[Round "7"]
[White "Zueger, Beat"]
[Black "Hodgson, Julian M"]
[Result "0-1"]
[WhiteElo "2420"]
[BlackElo "2580"]
[Annotator "Ribli,Z"]
[PlyCount "78"]
[EventDate "1994.09.??"]
[EventType "tourn"]
[EventRounds "11"]
[EventCountry "SUI"]
[EventCategory "10"]
[SourceTitle "CBM 043"]
[Source "ChessBase"]
[SourceDate "1994.12.01"]
[SourceVersion "1"]
[SourceVersionDate "1994.12.01"]
[SourceQuality "1"]

1. c4 e5 2. Nc3 Bb4 3. Nd5 Be7 4. d4 d6 5. e4 Nc6 (5... Nf6 6. Nxe7 Qxe7 7. f3
$14 {Karpov,An-Illescas Cordoba,M/Dos Hermenas/1994/CBM41/INF60,19/}) 6. Nxe7 (
6. Ne2 $5) 6... Ngxe7 7. d5 (7. Ne2 $5) 7... Nd4 8. Ne2 (8. Bd3 c5 9. dxc6 bxc6
10. Ne2 c5 $13) 8... c5 9. dxc6 Nexc6 10. Nxd4 (10. Be3 Qa5+ 11. Nc3 f5 $5 12.
a3 $13 (12. exf5 $2 Bxf5 13. Bd3 Bxd3 14. Qxd3 Nb4 $19)) 10... exd4 $5 (10...
Nxd4 11. Bd3 O-O 12. O-O f5 13. exf5 Bxf5 14. Be3 $14) 11. Bd3 O-O 12. O-O f5
$5 13. f4 Be6 14. exf5 Bxf5 15. Bxf5 Rxf5 16. Qd3 Rc5 17. Bd2 a5 18. Rfe1 (18.
Rae1 $5) 18... Qf6 19. a3 $6 (19. b3 $5) 19... Qg6 $1 20. Qxg6 hxg6 21. Rac1 d5
22. cxd5 Rxd5 23. a4 Kf7 24. Re4 Ra6 $1 25. b3 Rb6 26. Rb1 Nd8 $1 $15 27. b4
axb4 28. Rxb4 Rxb4 29. Bxb4 Nc6 30. Bd2 Rc5 31. Kf2 (31. a5 Rc2 32. Be1 d3 $19)
31... Rc2 32. Ke1 b6 $1 33. g4 Ra2 34. f5 gxf5 35. Rf4 Ne5 $1 36. Rxf5+ Ke6 37.
Bf4 (37. Rf8 Kd5 $19) 37... Nd3+ 38. Kd1 g6 39. Rf8 Ke7 (39... Ke7 40. Bh6 Nf2+
41. Ke1 Nxg4 42. Bg7 d3 43. Rf3 Re2+ 44. Kd1 Ne3+ 45. Kc1 d2+ $19) 0-1

[Event "Groningen op"]
[Site "Groningen"]
[Date "1990.??.??"]
[Round "3"]
[White "Stone, Raymond"]
[Black "Cifuentes Parada, Roberto"]
[Result "0-1"]
[WhiteElo "2330"]
[BlackElo "2480"]
[Annotator "Ribli,Z"]
[PlyCount "80"]
[EventDate "1990.??.??"]
[EventType "swiss"]
[EventRounds "9"]
[EventCountry "NED"]
[SourceTitle "CBM 022"]
[Source "ChessBase"]
[SourceDate "1991.06.01"]
[SourceVersion "1"]
[SourceVersionDate "1991.06.01"]
[SourceQuality "1"]

1. d4 d6 2. c4 e5 3. Nf3 e4 4. Ng5 f5 5. Nc3 Nf6 6. Nh3 c6 7. e3 Na6 8. Nf4 Nc7
(8... g5 9. Nh5 Be6 10. h4 g4 11. Nf4 Bf7 12. d5 Bg7 {Ruban,V-Popchev,M
Sochi-A 1989 CBM/16}) 9. Bd2 Ne6 10. Nh5 Nxh5 11. Qxh5+ g6 12. Qd1 Bg7 13. Qc2
O-O 14. O-O-O d5 15. Kb1 Kh8 16. cxd5 cxd5 17. Qb3 Nc7 18. Nb5 Nxb5 19. Bxb5
Be6 20. Bb4 Rf7 21. g3 Rc8 22. h4 (22. Rc1 $5) 22... h6 23. Qa3 a6 24. Be2 Rc6
25. Rc1 Rxc1+ 26. Rxc1 f4 $1 27. exf4 Bxd4 28. Bc3 Bxc3 29. Qxc3+ d4 30. Qd2
Kh7 31. Ka1 Rd7 32. Bc4 Bf5 33. Bb3 h5 34. Re1 Qb6 35. Ba4 Re7 36. Bc2 e3 37.
Qe2 Bxc2 38. Qxc2 Qb4 39. Re2 d3 $1 40. Qxd3 exf2 0-1

[Event "Groningen op"]
[Site "Groningen"]
[Date "1990.??.??"]
[Round "6"]
[White "Bischoff, Klaus"]
[Black "Dunnington, Angus J"]
[Result "1-0"]
[WhiteElo "2530"]
[BlackElo "2380"]
[Annotator "Ribli,Z"]
[PlyCount "83"]
[EventDate "1990.??.??"]
[EventType "swiss"]
[EventRounds "9"]
[EventCountry "NED"]
[SourceTitle "CBM 022"]
[Source "ChessBase"]
[SourceDate "1991.06.01"]
[SourceVersion "1"]
[SourceVersionDate "1991.06.01"]
[SourceQuality "1"]

1. c4 e5 2. g3 d6 3. Bg2 f5 4. Nc3 Nf6 5. d3 Be7 6. e3 O-O 7. Nge2 c6 8. O-O
Be6 (8... a5 9. b3 Na6 10. Bb2 Bd7 11. Rc1 Nc7 12. Qd2 Kh8 13. f4 $14 {
Hjartarson,J-Christiansen,L Reykjavik Summit 1990 CBM/18}) 9. b3 Na6 10. Bb2
Nc7 11. Qd2 d5 12. cxd5 Ncxd5 (12... cxd5 $5) 13. Rad1 Nb6 14. f4 exf4 15. Nxf4
Bf7 16. Nce2 Nbd5 $2 17. Nxd5 Nxd5 18. Rxf5 Bg5 19. Nf4 Bh6 20. Rf1 Nxf4 21.
gxf4 Qd7 22. Re5 Rad8 23. Be4 Bd5 24. Bxd5+ cxd5 25. Qg2 d4 26. Bxd4 Bxf4 27.
Rc5 b6 28. Rcc1 Bh6 29. Rxf8+ Rxf8 30. Rf1 Rxf1+ 31. Kxf1 Qf5+ 32. Ke2 Qh5+ 33.
Kd2 Qa5+ 34. Kd1 Qh5+ 35. Kc2 Qe8 36. Qd5+ Kh8 37. Kb2 Qc8 38. b4 Qb8 39. Kb3
Qc8 40. b5 Qb8 41. a4 Qc8 42. Qf7 1-0

[Event "Frankfurt"]
[Site "Frankfurt"]
[Date "1990.??.??"]
[Round "?"]
[White "Uhlmann, Wolfgang"]
[Black "Kohlweyer, Bernd"]
[Result "1-0"]
[WhiteElo "2505"]
[BlackElo "2395"]
[Annotator "Ribli,Z"]
[PlyCount "83"]
[EventDate "1990.??.??"]
[EventType "tourn"]
[EventRounds "13"]
[EventCountry "GER"]
[EventCategory "7"]
[SourceTitle "CBM 020"]
[Source "ChessBase"]
[SourceDate "1991.02.01"]
[SourceVersion "1"]
[SourceVersionDate "1991.02.01"]
[SourceQuality "1"]

1. c4 e5 2. Nc3 Bb4 3. g3 (3. Nd5 Be7 4. Nf3 c6 5. Nxe7 Qxe7 6. b3 {Ehlvest,
J-Shirov,A Manila izt 1990 CBM/19}) 3... Bxc3 4. bxc3 Nf6 5. Bg2 O-O 6. d3 (6.
Nf3 e4 7. Nd4 c5 8. Nc2 d5 9. cxd5 Qxd5 10. O-O Qh5 {Alterman,B-Oratovsky,M
URS-qualJ Jurmala 1989 CBM/13}) 6... d6 7. Nh3 Nc6 8. e4 Ne8 9. O-O f5 10. exf5
Bxf5 11. f4 exf4 12. Rxf4 Qe7 13. Bd5+ Be6 (13... Kh8 14. Qf1 $1) 14. Rxf8+
Kxf8 15. Bg5 Nf6 16. Bxf6 gxf6 (16... Qxf6 17. Qh5 $1) 17. Nf4 Bf7 18. Bxf7
Kxf7 19. Qh5+ Kg7 20. Nd5 Qe5 21. Qg4+ Kh8 22. Rf1 Rg8 23. Qf3 Rg7 24. d4 Qe6
25. Nxf6 Ne7 26. Ne8 Rg6 27. Nxc7 Qxc4 28. Ne8 Ng8 29. Qf4 Qe2 30. Nxd6 Rf6 31.
Nf5 Qxa2 32. Qe5 Qe6 33. Qxe6 Rxe6 34. d5 Re5 35. c4 b6 36. d6 Re8 37. Ra1 Rf8
38. Ne7 Rd8 39. Rxa7 Rxd6 40. Ra8 Rd1+ 41. Kg2 Kg7 42. Nxg8 1-0